Online katalóg knižníc regiónu Turca

Zmierenie alebo Dobrodružstvo pri obžinkoch (Record no. 20463)

MARC details
000 -LEADER
fixed length control field 00950nam a22002890i 4500
001 - CONTROL NUMBER
control field 20463
003 - CONTROL NUMBER IDENTIFIER
control field VRT
005 - DATE AND TIME OF LATEST TRANSACTION
control field 20260122143521.0
008 - FIXED-LENGTH DATA ELEMENTS--GENERAL INFORMATION
fixed length control field 090724s1995 SK r 000 slo d
020 ## - INTERNATIONAL STANDARD BOOK NUMBER
International Standard Book Number 8088834430
035 ## - SYSTEM CONTROL NUMBER
System control number (SVKBBclas03)vtls000019441
040 ## - CATALOGING SOURCE
Original cataloging agency SVKBB
Language of cataloging slo
Transcribing agency SVKBB
Description conventions AACR2
041 0# - LANGUAGE CODE
Language code of text/sound track or separate title slo
080 ## - UNIVERSAL DECIMAL CLASSIFICATION NUMBER
Universal Decimal Classification number 885.4-2
090 ## - LOCALLY ASSIGNED LC-TYPE CALL NUMBER (OCLC); LOCAL CALL NUMBER (RLIN)
Classification number (OCLC) (R) ; Classification number, CALL (RLIN) (NR) A 94674
100 1# - MAIN ENTRY--PERSONAL NAME
Personal name Palárik, Ján,
Dates associated with a name 1822-1870
245 00 - TITLE STATEMENT
Title Zmierenie alebo Dobrodružstvo pri obžinkoch
Remainder of title Veselohra v troch dejstvách
Statement of responsibility, etc. Ján Palárik
260 ## - PUBLICATION, DISTRIBUTION, ETC.
Place of publication, distribution, etc. Rohovce
Name of publisher, distributor, etc. Interpopulart Slovakia
Date of publication, distribution, etc. [1995]
300 ## - PHYSICAL DESCRIPTION
Extent 94 s.
Other physical details Lit.
Dimensions 19 cm
440 0# - SERIES STATEMENT/ADDED ENTRY--TITLE
Title (Populart).
500 ## - GENERAL NOTE
General note Študentská knižnica 44. Séria: Slovenská romanticko-realistická dráma
653 ## - INDEX TERM--UNCONTROLLED
Uncontrolled term hry divadelné slovenské.
942 ## - ADDED ENTRY ELEMENTS (KOHA)
Source of classification or shelving scheme Dewey Decimal Classification
Koha item type Krásna literatúra pre dospelých
Suppress in OPAC No
949 ## - LOCAL PROCESSING INFORMATION (OCLC)
6 270001000025955
a svkbbA 94674
p 612.579
949 ## - LOCAL PROCESSING INFORMATION (OCLC)
6 270001000066132
a svkbbA 94674
p 613.252
949 ## - LOCAL PROCESSING INFORMATION (OCLC)
6 270001000026517
a svkbbA 94674a
p 612.580
Holdings
Stav vyradenia Strata Poškodenie Spôsob nadobudnutia Domovská knižnica Aktuálna knižnica Dátum nadobudnutia Total checkouts Čiarový kód exemplára Date last seen Typ exemplára
      Dar Obecná knižnica Horná Štubňa Obecná knižnica Horná Štubňa 22.01.2026   8088834430 22.01.2026 Krásna literatúra pre dospelých
Projekt je podporený Slovenskou asociáciou knižníc
Prevádzkuje Turčianska knižnica Martin 2026